000 00202nam a22000977a 4500
999 _c16079
_d16079
003 OSt
008 191029b ||||| |||| 00| 0 eng d
100 _aBhaskaran,P.
_94368
245 _aVillali
942 _cBK